Hugo Behr: una vida entre dos siglos
Պահպանված է:
| Համատեղ հեղինակ: | |
|---|---|
| Ձևաչափ: | Գիրք |
| Լեզու: | իսպաներեն |
| Հրապարակվել է: |
Lima
Universidad Nacional Mayor de San Marcos. Seminario de Historia Rural Andina
2008
|
| Հրատարակություն: | 1a. ed |
| Խորագրեր: | |
| Ցուցիչներ: |
Ավելացրեք ցուցիչ
Չկան պիտակներ, Եղեք առաջինը, ով նշում է այս գրառումը!
|
MARC
| LEADER | 00000nam a2200000 a 4500 | ||
|---|---|---|---|
| 001 | UCG2826 | ||
| 003 | CL-VaPUC | ||
| 008 | 100729e20081000PE |||||||||||||||||spa|d | ||
| 082 | 0 | 4 | |a 920.909 |b SEM |2 21 |
| 110 | 2 | |a Seminario de Historia Rural Andina |e author |9 551456 | |
| 245 | 1 | 0 | |a Hugo Behr: una vida entre dos siglos |
| 250 | |a 1a. ed | ||
| 300 | |a 22 p | ||
| 942 | |c BK | ||
| 945 | |d 20100729 00:00:00 |a dcastane | ||
| 260 | |a Lima |b Universidad Nacional Mayor de San Marcos. Seminario de Historia Rural Andina |c 2008 | ||
| 650 | 0 | |a Biografías |9 255210 | |
| 650 | 0 | |a Arquitectura |9 804558 | |
| 651 | 0 | |a Perú |9 256567 | |
| 583 | |a last modification |c 20100729 00:00:00 |k Rodrigo Vera | ||
| 999 | |c 341948 |d 341946 | ||
| 952 | |0 0 |1 0 |4 0 |6 920_909000000000000_SEM_2008 |7 0 |8 X |9 437806 |a FDOBUD |b FDOBUD |d 2019-11-22 |i 4687205 |o 920.909 SEM 2008 |p 4687205 |r 2019-11-22 |w 2019-11-22 |y BK_X |k BUD | ||